The Church of Mac: exploratory examination on the loyalty of Apple customers (Record no. 311672)
[ view plain ]
| 000 -LEADER | |
|---|---|
| fixed length control field | 00542nam a2200145Ia 4500 |
| 008 - FIXED-LENGTH DATA ELEMENTS--GENERAL INFORMATION | |
| fixed length control field | 170221s9999 xx 000 0 und d |
| 100 ## - MAIN ENTRY--PERSONAL NAME | |
| Personal name | Caroline Pinson |
| 245 #4 - TITLE STATEMENT | |
| Title | The Church of Mac: exploratory examination on the loyalty of Apple customers |
| 245 ## - TITLE STATEMENT | |
| Statement of responsibility, etc | Caroline Pinson, University of South Carolina; Deborah J. C. Brosdahl, University of South Carolina. |
| 260 ## - PUBLICATION, DISTRIBUTION, ETC. (IMPRINT) | |
| Name of publisher, distributor, etc | Journal of Management and Marketing Research |
| 260 ## - PUBLICATION, DISTRIBUTION, ETC. (IMPRINT) | |
| Date of publication, distribution, etc | 2012 |
| 300 ## - PHYSICAL DESCRIPTION | |
| Extent | 10 : 3 |
| 650 ## - SUBJECT ADDED ENTRY--TOPICAL TERM | |
| General subdivision | Business |
| 856 ## - ELECTRONIC LOCATION AND ACCESS | |
| Uniform Resource Identifier | <a href="http://www.aabri.com/manuscripts/131651.pdf">http://www.aabri.com/manuscripts/131651.pdf</a> |
| Withdrawn status | Lost status | Damaged status | Home library | Current library | Date acquired | Total Checkouts | Date last seen | Price effective from | Koha item type |
|---|---|---|---|---|---|---|---|---|---|
| College Library | College Library | 02/21/2017 | 02/21/2017 | 02/21/2017 | Foreign e-journal articles |